000 00494nam a2200181 i 4500
001 27384
003 ES-MaACL
005 20240515063029.0
007 t|
008 030114s1972 sp ||||1| spa d
100 1 _aAyala, Francisco,
_d1906-2009
_924111
245 1 0 _aHoy ya es ayer /
_cFrancisco Ayala.
250 _a1ª ed.
260 _aMadrid :
_bMoneda y Crédito,
_c1972.
300 _a451 p. ;
_c22 cm.
852 _aES-MaACL
_jC-42998
_bR.82396
999 _c27384
_d27384